Score 0/30 Timer 04:00
3 Plays Today
Hint Missing Word % Correct
Kill _____: Vol. 1Bill
96.5%
The _____ Wears PradaDevil
96.1%
The _____ with the Dragon TattooGirl
95.7%
Monty Python and the Holy _____Grail
94.9%
_____ RecallTotal
94.8%
Full _____ JacketMetal
93.7%
The _____ SuspectsUsual
92.4%
It's a _____ LifeWonderful
89.7%
_____ Hand LukeCool
89.1%
_____ M for MurderDial
89.1%
_____ Miner's DaughterCoal
88.3%
Annie _____Hall
87.4%
Pirates of the Caribbean: The Curse of the Black _____Pearl
86.4%
Dr. _____ and Mr. HydeJekyll
84.6%
You Will Meet a _____ Dark StrangerTall
84.5%
Hint Missing Word % Correct
_____ TreasureNational
83.6%
_____ Blart: Mall CopPaul
82.4%
_____ Sunshine of the Spotless MindEternal
80.8%
L.A. _____Confidential
80.5%
Legends of the _____Fall
78%
_____ HouseAnimal
77%
Man of _____Steel
73.3%
A _____ to ArmsFarewell
73.2%
Life Is _____Beautiful
68.5%
Grand _____Hotel
59.1%
_____ ClaytonMichael
58.1%
From _____Hell
54%
The _____ DeadEvil
42.3%
_____ AliceStill
38.7%
The _____ TruthAwful
30.2%

Today's Daily Dose

Remove Ads.
Support Sporcle.
Get the best of Sporcle when you Go Orange. This ad-free experience offers more features, more stats, and more fun while also helping to support Sporcle. Thank you for becoming a member.

You're not logged in!

Compare scores with friends on all Sporcle quizzes.
OR
Log In

Show Comments

Extras

Top Quizzes Today


Score Distribution

Your Account Isn't Verified!

In order to create a playlist on Sporcle, you need to verify the email address you used during registration. Go to your Sporcle Settings to finish the process.

Report this User

Report this user for behavior that violates our Community Guidelines.

Details: